Top Goal Scorers of the 50 Best-Ranked Nations. - Statistics

General Stats
  • This quiz has been taken 90 times
    22 since last reset
  • The average score is 25 of 54
Answer Stats
Nation Goals Scored Top Scorer % Correct
Portugal 130 Cristiano Ronaldo
100%
Argentina 108 Lionel Messi
100%
Brazil 79 Neymar
95%
Belgium 85 Romelu Lukaku
95%
England 63 Harry Kane
91%
France 57 Olivier Giroud
91%
Spain 59 David Villa
82%
Wales 40 Gareth Bale
82%
Uruguay 68 Luis Suárez
82%
Sweden 62 Zlatan Ibrahimović
82%
Hungary 80 Ferenc Puskás
77%
Poland 81 Robert Lewandowski
77%
Ukraine 48 Andriy Shevchenko
73%
Ivory Coast 64 Didier Drogba
73%
South Korea 48 Heung-min Son
73%
Germany 71 Miroslav Klose
73%
Egypt 55 Mohamed Salah
73%
Netherlands 50 Robin van Persie
73%
Senegal 42 Sadio Mané
73%
Chile 51 Alexis Sánchez
68%
Mexico 52 Chicharito
59%
Ecuador 41 Enner Valencia
59%
United States 57 Landon Donovan
59%
Serbia 58 Aleksandar Mitrović
55%
Australia 49 Tim Cahill
55%
Croatia 45 Davor Šuker
50%
Colombia 36 Radamel Falcao
50%
United States 57 Clint Dempsey
45%
Romania 35 Gheorghe Hagi
45%
Slovakia 26 Marek Hamsik
32%
Nigeria 21 Victor Osimhen
32%
Iran 96 Ali Daei
27%
Russia 30 Artem Dzyuba
27%
Türkiye 51 Hakan Şükür
27%
Czechia 55 Jan Koller
27%
Italy 35 Luigi Riva
27%
Scotland 30 Sir Kenny Dalglish
27%
Switzerland 42 Alex Frei
23%
Romania 35 Adrian Mutu
18%
Qatar 45 Almoez Ali
18%
Algeria 46 Islam Slimani
18%
Peru 40 Paolo Guerrero
18%
Japan 50 Shinji Okazaki
18%
Austria 46 Toni Polster
14%
Russia 30 Aleksandr Kerzhakov
9%
Mali 17 Frédéric Kanouté
9%
Canada 29 Cyle Larin
5%
Scotland 30 Denis Law
5%
Tunisia 37 Issam Jemâa
5%
Panama 43 Luis Tejada
5%
Denmark 53 Poul Nielsen
5%
Morocco 25 Ayoub El Kaabi
0%
Norway 33 Jörgen Juve
0%
Greece 29 Nikolaos Anastopoulos
0%
No matching quizzes found
Score Distribution
Percent of People with Each Score
Percentile by Number Answered
Your Score History
You have not taken this quiz since the last reset